Statistiques concernant Les filles de France mariées à des rois étrangers

Cliquez ici pour prendre le quiz!

Statistiques générales

  • Ce quiz a été pris 4 fois
  • Le résultat moyen est 10 sur 20

Statistiques - réponses

HintRéponse% Correct
Isabelle 1295-1358Roi d'Angleterre
100%
Henriette 1609-1669Roi d'Angleterre
100%
Isabelle 1389-1409Roi d'Angleterre
75%
Marguerite 1279-1318Roi d'Angleterre
75%
Louise 1812-1850Roi des Belges
75%
Ingonde 565-587Roi des Wisigoths
75%
Catherine 1401-1437Roi d'Angleterre
50%
Jeanne 1343-1373
Roi de Navarre
50%
Marguerite 1553-1615
Roi de Navarre
50%
Jeanne 1312-1349Roi de Navarre
50%
Elisabeth 1602-1644Roi d'Espagne
50%
Judith 844-871Roi de Wessex
50%
Agnès 1171-1230Empereur de Byzance
25%
Marguerite 1158-1197Roi de Hongrie
25%
Isabelle 1242-1271Roi de Navarre
25%
Clodoswinthe ?-560Roi des Lombards
25%
Elisabeth 1545-1568Roi d'Espagne
25%
Clotilde 500-531Roi des Wisigoths
25%
Madeleine 1520-1537Roi d'Ecosse
0%
Berthe 565-601Roi de Kent
0%

Distribution des résultats

Percentile par nombre de réponses

% des personnes avec chaque résultat

Votre développement - résultats

Vous n’avez pas pris ce quiz